000 01186nam a2200289 i 4500
003 IT-RoINE
005 20161013085355.0
008 150609s2015 sp |r|||| 100 | spa d
020 _a9788416066308
040 _aSpMaBN
_cSpMaBN
_dIT-RoINE
111 2 _aJornadas de Teología
_n(45ª.
_d2013.
_cÁvila, España)
_926833
245 1 0 _aCreemos, la dimensión eclesial de la fe :
_bJornadas de Teología 2013 /
_cGaspar Hernández Peludo (coord.)
260 _aSalamanca :
_bPublicaciones Universidad Pontificia,
_c2015.
300 _a150 p. ;
_c24 cm.
336 _aTexto (visual)
_2isbdcontent
337 _2rdamedia
_aunmediated
338 _2rdacarrier
_avolume
490 1 _aBibliotheca Salmanticensis.
_aEstudios ;
_v353
490 1 _aJornadas y congresos ;
_v26
504 _aIncluye referencias bibliográficas
650 4 _aFe
_vCongresos
_93642
700 1 _aHernández Peludo, Gaspar
_93255
710 2 _94347
_aUniversidad Pontificia de Salamanca (España).
_bFacultad de Teología
830 0 _93087
_aBibliotheca Salmanticensis.
_pEstudios ;
_v353
830 0 _926423
_aJornadas y congresos (Universidad Pontificia de Salamanca. Facultad de Teología) ;
_v26
942 _cMTS
999 _c13212
_d13212